[Event "Guernsey Holiday"]
[Site "Guernsey"]
[Date "2010.10.18"]
[Round "2"]
[White "Collins, Alan"]
[Black "Roberts, Malcolm A"]
[Result "1/2-1/2"]
[WhiteElo "1600"]
[BlackElo "1704"]
[PlyCount "25"]
[EventDate "2010.10.17"]
[EventType "swiss"]
[EventRounds "7"]
[SourceDate "2010.11.07"]

1. d4 d5 2. Nf3 Nf6 3. Bf4 Bf5 4. Nc3 c6 5. e3 e6 6. a3 Nbd7 7. Be2 Be7 8. Ne5
Ne4 9. Nxe4 Bxe4 10. O-O Nxe5 11. Bxe5 O-O 12. b4 a6 13. c4 1/2-1/2

[Event "Guernsey Holiday"]
[Site "Guernsey"]
[Date "2010.10.18"]
[Round "2"]
[White "Sandijck, Pieter"]
[Black "Bateman, Kerry"]
[Result "1-0"]
[WhiteElo "1698"]
[BlackElo "1490"]
[PlyCount "123"]
[EventDate "2010.10.17"]
[EventType "swiss"]
[EventRounds "7"]
[SourceDate "2010.11.07"]

1. d4 Nf6 2. c4 c5 3. e3 g6 4. Nc3 cxd4 5. exd4 Bg7 6. Nf3 O-O 7. Bd3 d5 8. O-O
Nc6 9. c5 Bg4 10. Be2 a6 11. h3 Bxf3 12. Bxf3 e6 13. Bg5 Qa5 14. a3 Nd7 15. Be3
Rad8 16. b4 Qc7 17. b5 Ne7 18. Be2 Nxc5 19. dxc5 Bxc3 20. Rc1 Bb2 21. Rc2 Bxa3
22. Qa1 Bb4 23. Bh6 Nf5 24. Bxf8 Rxf8 25. c6 axb5 26. Rb1 Bd6 27. Bxb5 bxc6 28.
Rxc6 Bh2+ 29. Kh1 Qf4 30. Rf1 Nh4 31. Qa4 Qg5 32. Qg4 Qxg4 33. hxg4 Be5 34. f4
Bxf4 35. Rxf4 g5 36. Rf1 Ng6 37. Rc7 Ne5 38. Be2 Kg7 39. Re1 Ng6 40. g3 Ne5 41.
Kg2 Rb8 42. Bd1 Rb2+ 43. Re2 Rxe2+ 44. Bxe2 h6 45. Kf2 Kg6 46. Ke3 f5 47. gxf5+
Kxf5 48. Rc8 Ng4+ 49. Kd4 Nf6 50. Rf8 e5+ 51. Kd3 Ke6 52. Rh8 h5 53. Bxh5 Nxh5
54. Rxh5 Kf5 55. Rh6 Kg4 56. Rd6 e4+ 57. Ke3 Kxg3 58. Rxd5 g4 59. Re5 Kg2 60.
Rxe4 g3 61. Rg4 Kh3 62. Kf3 1-0

[Event "Guernsey Holiday"]
[Site "Guernsey"]
[Date "2010.10.18"]
[Round "2"]
[White "Onwezen, Eric"]
[Black "Cox, Marian"]
[Result "1-0"]
[WhiteElo "1673"]
[BlackElo "1416"]
[PlyCount "65"]
[EventDate "2010.10.17"]
[EventType "swiss"]
[EventRounds "7"]
[SourceDate "2010.11.07"]

1. e4 e5 2. Nf3 Nc6 3. Nc3 Nf6 4. Bc4 h6 5. d3 Bc5 6. O-O d6 7. h3 O-O 8. a3 a6
9. Be3 Nd4 10. Bxd4 Bxd4 11. Nxd4 exd4 12. Ne2 b5 13. Ba2 c5 14. f4 Re8 15. Ng3
Be6 16. Bxe6 Rxe6 17. Qf3 Nd7 18. Rae1 Qf8 19. Nf5 Rae8 20. g4 g5 21. Re2 f6
22. h4 gxf4 23. Qxf4 Kh7 24. Rh2 Kg6 25. g5 fxg5 26. hxg5 h5 27. Qh4 Qh8 28.
Nh6 Nf6 29. gxf6 Rxf6 30. Rg2+ Kh7 31. Rxf6 Rg8 32. Rf7+ Kxh6 33. Qf4+ 1-0

[Event "Guernsey Holiday"]
[Site "Guernsey"]
[Date "2010.10.18"]
[Round "2"]
[White "Kershaw, Graham J"]
[Black "Harnden, Terry"]
[Result "1-0"]
[WhiteElo "1664"]
[BlackElo "1411"]
[PlyCount "67"]
[EventDate "2010.10.17"]
[EventType "swiss"]
[EventRounds "7"]
[SourceDate "2010.11.07"]

1. e4 c5 2. Nf3 d6 3. d4 cxd4 4. Nxd4 Nc6 5. c4 Nf6 6. Nc3 g6 7. Be2 Bg7 8. Be3
O-O 9. O-O Bd7 10. f4 Nxd4 11. Bxd4 Bc6 12. Qd3 e6 13. Rad1 e5 14. fxe5 dxe5
15. Bxe5 Qxd3 16. Bxd3 Ng4 17. Bxg7 Kxg7 18. Rfe1 Ne5 19. Be2 Rfd8 20. b3 Rd7
21. Rxd7 Nxd7 22. Nd5 Re8 23. Bf3 Nc5 24. Kf1 Nd3 25. Re3 Ne5 26. Kf2 Nd7 27.
Rd3 Ne5 28. Rd4 Nd7 29. Nb4 Nc5 30. Nxc6 bxc6 31. b4 Na4 32. Rd7 Nb2 33. c5
Nd3+ 34. Rxd3 1-0

[Event "Guernsey Holiday"]
[Site "Guernsey"]
[Date "2010.10.18"]
[Round "2"]
[White "Rowe, Oliver"]
[Black "Ruigrok, Jacques"]
[Result "1/2-1/2"]
[WhiteElo "1506"]
[BlackElo "1752"]
[PlyCount "36"]
[EventDate "2010.10.17"]
[EventType "swiss"]
[EventRounds "7"]
[SourceDate "2010.11.07"]

1. d4 Nf6 2. Nf3 e6 3. Bf4 d5 4. e3 c5 5. c3 Nc6 6. Nbd2 cxd4 7. exd4 Bd6 8.
Ne5 Bxe5 9. Bxe5 Nxe5 10. dxe5 Nd7 11. Bb5 O-O 12. Bxd7 Bxd7 13. Qb3 b5 14. O-O
Qe7 15. Qb4 Rfe8 16. Qxe7 Rxe7 17. f4 Rc8 18. Rac1 Ree8 1/2-1/2

[Event "Guernsey Holiday"]
[Site "Guernsey"]
[Date "2010.10.18"]
[Round "2"]
[White "Foster, Paul"]
[Black "Haisma, Henk"]
[Result "1/2-1/2"]
[WhiteElo "1568"]
[BlackElo "1690"]
[PlyCount "58"]
[EventDate "2010.10.17"]
[EventType "swiss"]
[EventRounds "7"]
[SourceDate "2010.11.07"]

1. e4 c5 2. f4 Nc6 3. Nf3 d6 4. Bc4 e6 5. O-O Nf6 6. Nc3 a6 7. a4 Qc7 8. d3 Be7
9. Qe1 Nb4 10. Qe2 Bd7 11. Bb3 Bc6 12. Na2 Nxa2 13. Rxa2 d5 14. exd5 Bxd5 15.
c4 Bxf3 16. Qxf3 O-O 17. Bc2 Bd6 18. b3 Rfe8 19. Bb1 e5 20. fxe5 Bxe5 21. g3
Qb6 22. Bc2 Bd4+ 23. Kh1 Re6 24. Bd1 Rae8 25. h3 Re1 26. Kh2 Bc3 27. Rxe1 Rxe1
28. Bd2 Bxd2 29. Rxd2 Qb4 1/2-1/2

[Event "Guernsey Holiday"]
[Site "Guernsey"]
[Date "2010.10.18"]
[Round "2"]
[White "Newrick, William R"]
[Black "Finch, Russell"]
[Result "0-1"]
[WhiteElo "1384"]
[BlackElo "1656"]
[PlyCount "104"]
[EventDate "2010.10.17"]
[EventType "swiss"]
[EventRounds "7"]
[SourceDate "2010.11.07"]

1. d4 e6 2. c4 f5 3. Nf3 Nf6 4. Nc3 Be7 5. Bf4 O-O 6. h3 d6 7. e3 c6 8. Bd3 Qe8
9. Qc2 d5 10. Ne5 Ne4 11. f3 Bh4+ 12. Kf1 Ng3+ 13. Bxg3 Bxg3 14. Ne2 Bxe5 15.
dxe5 Nd7 16. f4 Nc5 17. b4 Nxd3 18. Qxd3 b6 19. Nd4 Ba6 20. b5 dxc4 21. Qa3
Bxb5 22. Qd6 Kf7 23. Nxb5 cxb5 24. Rd1 Qd8 25. Qd7+ Qxd7 26. Rxd7+ Kg8 27. Ke2
Rfd8 28. Rhd1 Rxd7 29. Rxd7 b4 30. Kd2 Kf8 31. Kc2 b5 32. Rc7 a5 33. Rb7 a4 34.
Rxb5 b3+ 35. axb3 cxb3+ 36. Kb2 a3+ 37. Ka1 b2+ 38. Ka2 Ra4 39. g4 g6 40. Rb6
Kf7 41. Rb7+ Kf8 42. gxf5 gxf5 43. h4 h6 44. h5 Kg8 45. Rb8+ Kf7 46. Rb7+ Kf8
47. Rb8+ Ke7 48. Rb7+ Kd8 49. Rh7 Rb4 50. Rh8+ Kd7 51. Rh7+ Kc6 52. Kb1 a2+ 0-1

[Event "Guernsey Holiday"]
[Site "Guernsey"]
[Date "2010.10.18"]
[Round "2"]
[White "Kaye, Michael J"]
[Black "Grange, David"]
[Result "0-1"]
[WhiteElo "1456"]
[BlackElo "1648"]
[PlyCount "56"]
[EventDate "2010.10.17"]
[EventType "swiss"]
[EventRounds "7"]
[SourceDate "2010.11.07"]

1. d4 d5 2. c3 c5 3. e3 c4 4. g3 Nf6 5. Bg2 Bg4 6. Nf3 Nc6 7. h3 Bh5 8. Bf1 a6
9. Be2 Qc7 10. Nbd2 e6 11. Ne5 Bxe2 12. Qxe2 Nxe5 13. dxe5 Qxe5 14. Nf3 Qc7 15.
Bd2 Bd6 16. O-O-O Ne4 17. Rhg1 b5 18. Be1 O-O 19. Nd2 Nc5 20. Nb1 Nd3+ 21. Rxd3
cxd3 22. Qxd3 b4 23. Bd2 Rfc8 24. Re1 Qa5 25. Re2 Qxa2 26. Be1 Rab8 27. Rc2 Be5
28. f4 Bf6 0-1

[Event "Guernsey Holiday"]
[Site "Guernsey"]
[Date "2010.10.18"]
[Round "2"]
[White "Jones, Sid A"]
[Black "Jongerius, Marc"]
[Result "1/2-1/2"]
[WhiteElo "1416"]
[BlackElo "1625"]
[PlyCount "96"]
[EventDate "2010.10.17"]
[EventType "swiss"]
[EventRounds "7"]
[SourceDate "2010.11.07"]

1. d4 d5 2. c4 e6 3. Nc3 Nf6 4. Bg5 Nbd7 5. Nf3 c6 6. e3 Qa5 7. Nd2 Bb4 8. Qc2
Ne4 9. Ndxe4 dxe4 10. Be2 Qxg5 11. Qxe4 Nf6 12. Qf3 e5 13. Qg3 Qxg3 14. hxg3
exd4 15. exd4 Ne4 16. Rc1 Bf5 17. O-O Nxc3 18. bxc3 Ba3 19. Rce1 O-O 20. Bf3
Rfe8 21. d5 Bd3 22. Rxe8+ Rxe8 23. Rd1 Bxc4 24. dxc6 bxc6 25. Bxc6 Rb8 26. Rd7
a6 27. Rd4 Bb5 28. Bxb5 axb5 29. Rd5 g6 30. Kf1 b4 31. c4 Rc8 32. Rd4 Bb2 33.
Re4 Rc5 34. Ke2 Ra5 35. c5 Rxa2 36. Kd3 Bc3 37. c6 Ra7 38. Rc4 Rc7 39. Ke4 Kf8
40. Kd5 Ke8 41. Kd6 Kd8 42. Rc5 f6 43. Rb5 Be5+ 44. Kd5 Bc3 45. f4 Kc8 46. Kd6
Be1 47. Ra5 Kb8 48. Rb5+ Kc8 1/2-1/2

[Event "Guernsey Holiday"]
[Site "Guernsey"]
[Date "2010.10.18"]
[Round "2"]
[White "Goman, Colin R"]
[Black "Van Hoek, Wim"]
[Result "1/2-1/2"]
[WhiteElo "1518"]
[BlackElo "1783"]
[PlyCount "77"]
[EventDate "2010.10.17"]
[EventType "swiss"]
[EventRounds "7"]
[SourceDate "2010.11.07"]

1. b3 d5 2. Bb2 Bg4 3. g3 e6 4. Bg2 Nf6 5. d3 Nbd7 6. Nd2 c6 7. c3 Bh5 8. h3
Bd6 9. Qc2 Bg6 10. Ngf3 h6 11. Nf1 Qe7 12. Qc1 e5 13. N1h2 e4 14. dxe4 dxe4 15.
Nd4 e3 16. Qxe3 Qxe3 17. fxe3 Bxg3+ 18. Kf1 Ne4 19. Bxe4 Bxe4 20. Nhf3 O-O 21.
Rg1 Bd6 22. Rd1 Ne5 23. Nf5 Bxf5 24. Rxd6 Bxh3+ 25. Kf2 Nxf3 26. exf3 Be6 27.
c4 g5 28. Bf6 Rfe8 29. Rh1 Kh7 30. Bxg5 Kg6 31. Bf4 Rh8 32. Rg1+ Kf6 33. Rh1
Ke7 34. c5 Rh7 35. Rxh6 Rxh6 36. Bxh6 Rh8 37. Bf4 Rh5 38. b4 Bxa2 39. Rd2
1/2-1/2

[Event "Guernsey Holiday"]
[Site "Guernsey"]
[Date "2010.10.18"]
[Round "2"]
[White "Glover, John"]
[Black "Welch, Hazel"]
[Result "1-0"]
[WhiteElo "1760"]
[BlackElo "1520"]
[PlyCount "85"]
[EventDate "2010.10.17"]
[EventType "swiss"]
[EventRounds "7"]
[SourceDate "2010.11.07"]

1. Nf3 c5 2. c4 Nf6 3. Nc3 g6 4. g3 Bg7 5. Bg2 O-O 6. O-O Nc6 7. d4 cxd4 8.
Nxd4 Nxd4 9. Qxd4 d6 10. Qd3 a6 11. Be3 Qc7 12. b3 Bf5 13. Qd2 Rac8 14. Rac1 b5
15. Nd5 Nxd5 16. cxd5 Qb7 17. Bd4 b4 18. Bxg7 Kxg7 19. e4 Bd7 20. h4 a5 21. Kh2
Bb5 22. Rfe1 f6 23. f4 Qb6 24. Rc2 Rc5 25. Bh3 Ba6 26. Rec1 Bc8 27. Rxc5 dxc5
28. Bf1 Bb7 29. Qe3 Rc8 30. Bc4 Rc7 31. e5 Bc8 32. Rd1 Bf5 33. Be2 Bc8 34. g4
Qa7 35. Kg3 a4 36. Bc4 axb3 37. axb3 Rd7 38. exf6+ exf6 39. d6 Qb6 40. Qe6 Qb7
41. Qg8+ Kh6 42. g5+ fxg5 43. hxg5+ 1-0

[Event "Guernsey Holiday"]
[Site "Guernsey"]
[Date "2010.10.18"]
[Round "2"]
[White "Ryan, Robert"]
[Black "Kearsley, Raymond J"]
[Result "0-1"]
[WhiteElo "1512"]
[BlackElo "1688"]
[PlyCount "96"]
[EventDate "2010.10.17"]
[EventType "swiss"]
[EventRounds "7"]
[SourceDate "2010.11.07"]

1. Nf3 Nf6 2. d4 g6 3. Bg5 Ne4 4. c3 Nxg5 5. Nxg5 Bg7 6. Nd2 e5 7. Ngf3 exd4 8.
cxd4 O-O 9. Rb1 d5 10. e3 Bf5 11. Rc1 Nd7 12. Be2 c5 13. O-O Qe7 14. Re1 Rac8
15. Qb3 c4 16. Qxb7 Qd6 17. e4 Be6 18. e5 Qe7 19. Qa6 Qb4 20. Qa3 Qxa3 21. bxa3
Bh6 22. Rc3 Nb6 23. Bd1 Bf5 24. h3 Rb8 25. Bc2 Bd7 26. h4 Na4 27. Bxa4 Bxa4 28.
Nxc4 Rfc8 29. Nb2 Rxc3 30. Nxa4 Rc1 31. Rxc1 Bxc1 32. Nc5 Bxa3 33. Nd3 Rb1+ 34.
Kh2 Rd1 35. Nf4 Ra1 36. Nxd5 Rxa2 37. Nf6+ Kg7 38. Ne4 Be7 39. d5 a5 40. Nfg5
Bxg5 41. hxg5 Rc2 42. Kg3 a4 43. e6 fxe6 44. dxe6 Rc7 45. f4 a3 46. Kg4 a2 47.
f5 gxf5+ 48. Kxf5 a1=Q 0-1

[Event "Guernsey Holiday"]
[Site "Guernsey"]
[Date "2010.10.18"]
[Round "2"]
[White "Van Rooijen, Gerardus C"]
[Black "Kok, Franciscus"]
[Result "0-1"]
[WhiteElo "1496"]
[BlackElo "1666"]
[PlyCount "96"]
[EventDate "2010.10.17"]
[EventType "swiss"]
[EventRounds "7"]
[SourceDate "2010.11.07"]

1. d4 Nf6 2. c4 e6 3. Nc3 Bb4 4. Bg5 h6 5. Bd2 Nc6 6. e3 Be7 7. a3 a5 8. Bd3 d5
9. Rc1 Bd7 10. Nf3 O-O 11. O-O dxc4 12. Bxc4 Bd6 13. Ba2 e5 14. d5 Ne7 15. e4
c6 16. h3 cxd5 17. exd5 Bf5 18. Re1 Ng6 19. g4 Bd7 20. Bb1 Nf4 21. Bxf4 exf4
22. Ne4 Nxe4 23. Rxe4 f5 24. gxf5 Bxf5 25. Rec4 Bxh3 26. Kh2 Bg4 27. Qd3 Bf5
28. Qc3 Bxb1 29. Rxb1 Qf6 30. Qd3 Qf5 31. Qxf5 Rxf5 32. Rd1 Re8 33. Kg2 g5 34.
Rcd4 g4 35. Nd2 f3+ 36. Kf1 h5 37. Ne4 Rd8 38. Nxd6 Rxd6 39. b4 axb4 40. axb4
Kf7 41. R1d3 Kf6 42. b5 Ke5 43. Rd1 Rf4 44. R4d3 Rb4 45. Re1+ Kf6 46. Rde3 Rxb5
47. Re6+ Rxe6 48. Rxe6+ Kf5 0-1

[Event "Guernsey Holiday"]
[Site "Guernsey"]
[Date "2010.10.18"]
[Round "2"]
[White "Beadle, John"]
[Black "Le Maitre, Richard"]
[Result "1-0"]
[WhiteElo "1648"]
[BlackElo "1440"]
[PlyCount "57"]
[EventDate "2010.10.17"]
[EventType "swiss"]
[EventRounds "7"]
[SourceDate "2010.11.07"]

1. e4 c5 2. Nf3 d6 3. d4 cxd4 4. Nxd4 Nf6 5. Nc3 a6 6. a4 Nc6 7. h3 e6 8. Be2
Be7 9. O-O O-O 10. Be3 Bd7 11. f4 Nxd4 12. Qxd4 Bc6 13. Bf3 Qc7 14. Qc4 Rac8
15. a5 Qb8 16. Qe2 Rfe8 17. Qf2 Bf8 18. Rad1 Qc7 19. Bb6 Qe7 20. Rd2 Nd7 21.
Be3 Qf6 22. e5 dxe5 23. Bxc6 bxc6 24. Rxd7 exf4 25. Qxf4 Qxf4 26. Rxf4 Re7 27.
Rfd4 Rxd7 28. Rxd7 Bb4 29. Bb6 1-0

[Event "Guernsey Holiday"]
[Site "Guernsey"]
[Date "2010.10.18"]
[Round "2"]
[White "Bennett, David"]
[Black "Curry, William"]
[Result "1/2-1/2"]
[WhiteElo "1352"]
[BlackElo "1480"]
[PlyCount "37"]
[EventDate "2010.10.17"]
[EventType "swiss"]
[EventRounds "7"]
[SourceDate "2010.11.07"]

1. Nf3 Nc6 2. d4 d5 3. Bf4 e6 4. Nbd2 Bd6 5. Bxd6 Qxd6 6. e3 Nf6 7. c4 b6 8.
Rc1 Nd7 9. Bd3 Nb4 10. Qb3 Nxd3+ 11. Qxd3 Ba6 12. Qc2 dxc4 13. Nxc4 Bxc4 14.
Qxc4 Rc8 15. O-O a5 16. a3 O-O 17. Rfd1 c5 18. d5 Ne5 19. Nxe5 1/2-1/2

[Event "Guernsey Holiday"]
[Site "Guernsey"]
[Date "2010.10.18"]
[Round "2"]
[White "Cox, Reginald E"]
[Black "De Silver, Arthur F"]
[Result "1/2-1/2"]
[WhiteElo "1304"]
[BlackElo "1592"]
[PlyCount "35"]
[EventDate "2010.10.17"]
[EventType "swiss"]
[EventRounds "7"]
[SourceDate "2010.11.07"]

1. e4 c5 2. Nf3 d6 3. d4 cxd4 4. Nxd4 Nf6 5. Nc3 g6 6. Be3 Bg7 7. f3 O-O 8. Qd2
Re8 9. h4 Nc6 10. Nxc6 bxc6 11. O-O-O Be6 12. a3 Qa5 13. g4 Rab8 14. Ne2 Nxe4
15. Qxa5 Bxb2+ 16. Kb1 Bxa3+ 17. Ka1 Bb2+ 18. Kb1 1/2-1/2

[Event "Guernsey Holiday"]
[Site "Guernsey"]
[Date "2010.10.18"]
[Round "2"]
[White "Kirk, Matthew"]
[Black "Brown, Jim"]
[Result "1-0"]
[WhiteElo "1591"]
[BlackElo "1312"]
[PlyCount "107"]
[EventDate "2010.10.17"]
[EventType "swiss"]
[EventRounds "7"]
[SourceDate "2010.11.07"]

1. d4 c6 2. c4 d6 3. e4 e6 4. Nf3 Nd7 5. Nc3 Be7 6. Be2 e5 7. d5 Ngf6 8. O-O
O-O 9. Be3 c5 10. a3 b6 11. Qd2 Ng4 12. h3 Nxe3 13. Qxe3 h6 14. Rfe1 Nf6 15.
Nh2 a6 16. f4 Nh7 17. fxe5 Bg5 18. Qd3 dxe5 19. Rf1 Qd6 20. Bg4 Nf6 21. Bxc8
Raxc8 22. Nf3 Bf4 23. Ne2 Nh5 24. Nh4 g6 25. g4 Bg5 26. Ng2 Ng7 27. Ng3 a5 28.
Rf3 Rc7 29. Raf1 h5 30. gxh5 gxh5 31. Nf5 Nxf5 32. Rxf5 f6 33. h4 Bh6 34. Rxh5
Kh7 35. Qe3 Kg8 36. Qxh6 Kf7 37. Qxf6+ Qxf6 38. Rxf6+ Kxf6 39. d6 Rd7 40. Ne3
Rg8+ 41. Kf2 Rf8 42. Nf5 Kf7 43. Ke3 Ke8 44. Rg5 Rff7 45. h5 Rh7 46. h6 Kf8 47.
Kf3 Rdf7 48. Kg4 Rf6 49. Kh5 Ke8 50. Rg6 Rhf7 51. Rxf6 Rxf6 52. h7 Rf8 53. Kg6
Rh8 54. Kg7 1-0

[Event "Guernsey Holiday"]
[Site "Guernsey"]
[Date "2010.10.19"]
[Round "3"]
[White "Kershaw, Graham J"]
[Black "Sandijck, Pieter"]
[Result "1-0"]
[WhiteElo "1664"]
[BlackElo "1698"]
[PlyCount "105"]
[EventDate "2010.10.17"]
[EventType "swiss"]
[EventRounds "7"]
[SourceDate "2010.11.07"]

1. e4 e6 2. d4 d5 3. Nd2 Nf6 4. e5 Nfd7 5. c3 c5 6. Bd3 Nc6 7. Ne2 Qb6 8. Nf3
cxd4 9. cxd4 Bb4+ 10. Bd2 Bxd2+ 11. Qxd2 Qb4 12. O-O Qxd2 13. Nxd2 f6 14. f4 f5
15. Rac1 a6 16. Nb3 O-O 17. Nc3 Nb6 18. a4 Nb4 19. Be2 Nc4 20. Bxc4 dxc4 21.
Nd2 Rd8 22. Nxc4 Rxd4 23. Nb6 Rb8 24. Rfd1 Rxd1+ 25. Rxd1 Nc6 26. Nb1 Kf8 27.
Na3 Ke7 28. Nac4 h6 29. Nd6 Na7 30. Kf2 g6 31. h4 h5 32. g3 Bd7 33. Nxf5+ gxf5
34. Rxd7+ Ke8 35. Rh7 Rd8 36. Nc4 Rd4 37. Nd6+ Kf8 38. Rxb7 Nc6 39. Rc7 Nb4 40.
Rf7+ Kg8 41. Re7 Rd2+ 42. Ke1 Rxb2 43. Rxe6 Nd3+ 44. Kf1 Rf2+ 45. Kg1 Ra2 46.
Nxf5 Ra1+ 47. Kg2 Ra2+ 48. Kf3 Ne1+ 49. Ke3 Nc2+ 50. Kd3 Ne1+ 51. Kc3 Rxa4 52.
Re7 a5 53. Ra7 1-0

[Event "Guernsey Holiday"]
[Site "Guernsey"]
[Date "2010.10.19"]
[Round "3"]
[White "Timmerman, Peter"]
[Black "Onwezen, Eric"]
[Result "1/2-1/2"]
[WhiteElo "1606"]
[BlackElo "1673"]
[PlyCount "46"]
[EventDate "2010.10.17"]
[EventType "swiss"]
[EventRounds "7"]
[SourceDate "2010.11.07"]

1. e4 e5 2. Nf3 Nc6 3. d4 exd4 4. Bc4 Be7 5. c3 d3 6. Qxd3 d6 7. Bf4 Bf6 8. O-O
Nge7 9. Na3 O-O 10. Nd4 Ng6 11. Nxc6 bxc6 12. Bg3 Qe7 13. Bb3 Re8 14. Rae1 a5
15. Nc2 Ba6 16. Bc4 Bxc4 17. Qxc4 c5 18. f3 Bh4 19. Ne3 Bxg3 20. hxg3 Qe6 21.
Qxe6 {(=)} fxe6 22. b3 Reb8 23. Rb1 Ne5 1/2-1/2

[Event "Guernsey Holiday"]
[Site "Guernsey"]
[Date "2010.10.19"]
[Round "3"]
[White "Herschmann, Heinz"]
[Black "Norman, Dinah M"]
[Result "1/2-1/2"]
[WhiteElo "1480"]
[BlackElo "1712"]
[PlyCount "44"]
[EventDate "2010.10.17"]
[EventType "swiss"]
[EventRounds "7"]
[SourceDate "2010.11.07"]

1. e4 c6 2. d4 d5 3. exd5 cxd5 4. Nf3 Nf6 5. Be2 e6 6. Nc3 Nc6 7. a3 Be7 8. h3
a6 9. O-O Qc7 10. Bg5 h6 11. Bh4 O-O 12. Bg3 Qd8 13. Ne5 Bd7 14. Nxd7 Qxd7 15.
Na2 Rac8 16. c3 Bd6 17. Bxd6 Qxd6 18. Nb4 a5 19. Nc2 Ne7 20. Ne3 Rfd8 21. Ng4
Nxg4 22. Bxg4 Rc7 1/2-1/2

[Event "Guernsey Holiday"]
[Site "Guernsey"]
[Date "2010.10.19"]
[Round "3"]
[White "Grange, David"]
[Black "Hoogakker, Peter"]
[Result "0-1"]
[WhiteElo "1648"]
[BlackElo "1800"]
[PlyCount "62"]
[EventDate "2010.10.17"]
[EventType "swiss"]
[EventRounds "7"]
[SourceDate "2010.11.07"]

1. e4 e5 2. Nf3 d6 3. d4 Nf6 4. Nc3 Nbd7 5. Bc4 Be7 6. O-O c6 7. Bb3 Qc7 8. a3
h6 9. Re1 Nf8 10. h3 g5 11. dxe5 dxe5 12. Nh2 Ng6 13. Ng4 Nxg4 14. hxg4 Bd7 15.
Be3 O-O-O 16. Bxf7 Nf4 17. Bxf4 gxf4 18. Qf3 Rh7 19. Bg6 Rg7 20. Bf5 Rdg8 21.
Rad1 Bxf5 22. gxf5 Bc5 23. Rd2 Rg3 24. Qh5 Rxg2+ 25. Kf1 Qg7 26. Nd1 Rg1+ 27.
Ke2 Rxe1+ 28. Kxe1 Qg2 29. f3 Qg1+ 30. Ke2 Rg2+ 31. Kd3 Qd4# 0-1

[Event "Guernsey Holiday"]
[Site "Guernsey"]
[Date "2010.10.19"]
[Round "3"]
[White "Wood, Peter C"]
[Black "Collins, Alan"]
[Result "1/2-1/2"]
[WhiteElo "1768"]
[BlackElo "1600"]
[PlyCount "40"]
[EventDate "2010.10.17"]
[EventType "swiss"]
[EventRounds "7"]
[SourceDate "2010.11.07"]

1. Nf3 f5 2. d4 Nf6 3. c4 d6 4. g3 c6 5. Bg2 g6 6. O-O Bg7 7. Nc3 O-O 8. Bf4
Nh5 9. Qd2 Nxf4 10. Qxf4 Qe8 11. Rac1 e5 12. dxe5 dxe5 13. Qd2 Be6 14. Nd1 Na6
15. e3 Rd8 16. Qa5 e4 17. Ng5 Bc8 18. c5 Qe7 19. h4 Rd5 20. b4 Rfd8 1/2-1/2

[Event "Guernsey Holiday"]
[Site "Guernsey"]
[Date "2010.10.19"]
[Round "3"]
[White "Roberts, Malcolm A"]
[Black "Vonhoff, Joerg"]
[Result "0-1"]
[WhiteElo "1704"]
[BlackElo "1613"]
[PlyCount "62"]
[EventDate "2010.10.17"]
[EventType "swiss"]
[EventRounds "7"]
[SourceDate "2010.11.07"]

1. e4 c5 2. Nf3 Nc6 3. Bc4 e6 4. Nc3 a6 5. a4 Nf6 6. h3 d6 7. d3 h6 8. O-O Be7
9. Re1 Bd7 10. Bd2 Nd4 11. Nxd4 cxd4 12. Ne2 e5 13. c3 dxc3 14. Bxc3 O-O 15.
Qb3 Rb8 16. Ng3 Qc8 17. Rac1 Bxh3 18. Bxe5 Be6 19. Nf5 Qd7 20. Nxe7+ Qxe7 21.
Bd4 Rfc8 22. Bxe6 fxe6 23. e5 Rxc1 24. Rxc1 Ng4 25. exd6 Qxd6 26. Qc4 Re8 27.
g3 Ne5 28. Bxe5 Qxe5 29. b3 Rf8 30. Kg2 Qe2 31. Rc2 Rxf2+ 0-1

[Event "Guernsey Holiday"]
[Site "Guernsey"]
[Date "2010.10.19"]
[Round "3"]
[White "Vonhoff, Nils"]
[Black "Baart, Edwin"]
[Result "0-1"]
[WhiteElo "1637"]
[BlackElo "1689"]
[PlyCount "64"]
[EventDate "2010.10.17"]
[EventType "swiss"]
[EventRounds "7"]
[SourceDate "2010.11.07"]

1. e4 e5 2. f4 Bc5 3. Nf3 d6 4. Bc4 Nf6 5. Nc3 Nc6 6. h3 a6 7. a3 Be6 8. Bxe6
fxe6 9. d3 exf4 10. Bxf4 Qd7 11. Qd2 O-O-O 12. Be3 Bxe3 13. Qxe3 e5 14. b4 d5
15. Qd2 dxe4 16. Nxe4 Nd4 17. Nxf6 gxf6 18. Qf2 Nxf3+ 19. gxf3 Qd4 {(=)} 20.
Qxd4 Rxd4 21. O-O-O Rhd8 22. Rhg1 Rh4 23. Rg3 Kd7 24. Rh1 Ke6 25. Kd2 Rd7 26.
Rg4 Rd4 27. Rg7 Rd7 28. Rg8 a5 29. c3 axb4 30. axb4 c5 31. bxc5 Ra4 32. Rg4
Ra2+ 0-1

[Event "Guernsey Holiday"]
[Site "Guernsey"]
[Date "2010.10.19"]
[Round "3"]
[White "Finch, Russell"]
[Black "Bakkes, Frits"]
[Result "1-0"]
[WhiteElo "1656"]
[BlackElo "1565"]
[PlyCount "59"]
[EventDate "2010.10.17"]
[EventType "swiss"]
[EventRounds "7"]
[SourceDate "2010.11.07"]

1. f4 d5 2. Nf3 Nc6 3. e3 Nf6 4. Be2 Bg4 5. Ne5 Bxe2 6. Qxe2 e6 7. Nxc6 bxc6 8.
b3 Ne4 9. O-O Qf6 10. d4 Qh6 11. Nd2 Nxd2 12. Bxd2 Bd6 13. e4 dxe4 14. Qxe4 Kd7
15. Rae1 f5 16. Qf3 g5 17. h3 g4 18. hxg4 fxg4 19. Qxg4 Rhg8 20. Qf3 Raf8 21.
c4 c5 22. dxc5 Bxc5+ 23. Be3 Bxe3+ 24. Rxe3 Rf5 25. Rd3+ Ke7 26. Qc6 Kf6 27.
Re3 Ke7 28. Qxc7+ Kf6 29. Rxe6+ Kxe6 30. Qc6+ 1-0

[Event "Guernsey Holiday"]
[Site "Guernsey"]
[Date "2010.10.19"]
[Round "3"]
[White "Bateman, Kerry"]
[Black "Brooker, Chris H"]
[Result "0-1"]
[WhiteElo "1490"]
[BlackElo "1776"]
[PlyCount "72"]
[EventDate "2010.10.17"]
[EventType "swiss"]
[EventRounds "7"]
[SourceDate "2010.11.07"]

1. e4 d5 2. exd5 Qxd5 3. Nf3 Bg4 4. Be2 Nf6 5. Nc3 Qd6 6. Nb5 Qb6 7. O-O Bxf3
8. Nxc7+ Qxc7 9. Bxf3 e6 10. d3 Bd6 11. g3 Nbd7 12. c4 O-O 13. b4 Rad8 14. Qb3
Be5 15. Rb1 Bd4 16. Be3 Ne5 17. Be2 Bxe3 18. fxe3 Neg4 19. d4 b6 20. Rf4 Nh6
21. Rbf1 e5 22. Rh4 Qe7 23. d5 Kh8 24. Qc3 Nhg8 25. Rf5 Rde8 26. Qc2 g6 27. Rf2
Qxb4 28. Bd3 Kg7 29. g4 Qe1+ 30. Kg2 Qxe3 31. Rh3 Qg5 32. Bf5 Nxg4 33. Bxg4
Qxg4+ 34. Rg3 Qd4 35. Qe2 f5 36. Qh5 Nf6 0-1

[Event "Guernsey Holiday"]
[Site "Guernsey"]
[Date "2010.10.19"]
[Round "3"]
[White "Cox, Marian"]
[Black "Glover, John"]
[Result "0-1"]
[WhiteElo "1416"]
[BlackElo "1760"]
[PlyCount "100"]
[EventDate "2010.10.17"]
[EventType "swiss"]
[EventRounds "7"]
[SourceDate "2010.11.07"]

1. e4 d5 2. exd5 Qxd5 3. Nc3 Qd6 4. d4 Nf6 5. Nf3 a6 6. Be2 e6 7. Be3 Nc6 8.
Qd2 Be7 9. a3 O-O 10. Rd1 Nd5 11. Nxd5 exd5 12. O-O Bf5 13. Bf4 Qd8 14. c3 Rc8
15. b4 Nb8 16. Rfe1 Nd7 17. Qc1 c6 18. Qd2 Nf6 19. Qc1 Ne4 20. Qe3 Re8 21. Ne5
f6 22. Nf3 Bf8 23. Qc1 g5 24. Be3 Rc7 25. Kh1 Rce7 26. Nd2 Nxf2+ 27. Bxf2 Rxe2
28. Rxe2 Rxe2 29. Kg1 Bd6 30. h3 Qd7 31. Re1 Qe7 32. Qd1 Rxe1+ 33. Bxe1 Qe3+
34. Kh1 Qf4 35. Nf3 Qe4 36. Kg1 Kg7 37. Kf1 Kg6 38. Kf2 h5 39. a4 Bf4 40. g3
Bd6 41. a5 Bxh3 42. Qe2 Qxe2+ 43. Kxe2 Bg4 44. Kf2 Bxf3 45. Kxf3 f5 46. Kg2 f4
47. gxf4 Bxf4 48. Kf2 Kf5 49. Ke2 Kg4 50. Kf2 Bg3+ 0-1